20 anys d'Ajuntaments democràtics : Sant Vicenç de Castellet Sant Vicenç de Castellet
Descripción Física:
58 p. , il. col.; 30 cm
MARC
| LEADER | 00000nam a2200000Ia 4500 | ||
|---|---|---|---|
| 001 | 17047 | ||
| 008 | 160829s1999 xx 000 0 cat d | ||
| 080 | |a M-5-115 | ||
| 245 | |a 20 anys d'Ajuntaments democràtics : |b Sant Vicenç de Castellet | ||
| 260 | |a Sant Vicenç de Castellet : |b Ajuntament, |c 1999 | ||
| 300 | |a 58 p. , il. col.; |c 30 cm | ||
| 901 | |a Arxiu | ||
| 942 | |n 1 | ||
| 952 | |0 0 |1 0 |4 0 |6 M5115 |7 1 |9 42035 |a Arxiu |b Arxiu |d 2016-12-01 |l 0 |o M-5-115 |p 17047 |r 2016-12-01 00:00:00 |w 2016-12-01 |y ARXIU | ||
| 999 | |c 44482 |d 44482 | ||